00520 a2200157 4500010001400000020002300014035001300037037001800050082001000068100001700078245005100095260004900146270008500195300003200280500005000312 aENG-85828 a813130129Xc450.00 aEN-69361 bD.B.Act / Pub14a363.21 aPadhi, P. K.1 aPolice and the weaker sectionscby P. K. Padhi aNew DelhibAPH Publishing Corporatioonc2007 a5, Ansari Road, Darya GanjbNew Delhie110 002k011- 23274050maphbooks@vsnl.net axxiii, 189 p.b22 cm ( Hb.) aIncludes bibliograpgical refrences and index